000 00389nam a2200133Ia 4500
008 200619s9999 xx 000 0 und d
020 _a8178770873
100 _aNanjundaswamy M.D.
245 0 _aRamayanadallina Paatragalu: Periyaarara Barahagalu
264 _aMysore
_bAbhiruchi Prakashana
_c2010
300 _a72
942 _cIR
999 _c120353
_d120353